LEADER 01218nam a2200241 i 4500 001 000000054136 003 CaOOAMICUS 005 20110221000000.0 008 110221s1943 it u000 u ger u 013 $a25308 040 $aSeMil$bita 100 1 $aBerndorff, Paul Georg.$0(OLS)http://semarc/name/26885 245 14$aDas Testament des Geistlichen nach kirchlichem und deutschem Recht /$cvon Paul Georg Berndorff. 260 $aRomae :$bOfficium Libri Catholici,$c1943. 300 $a42 p. ;$c24 cm. 490 0 $aExcerpta ex Dissertatione ad lauream in Facultate iuris canonici Pontificiae Univeritatis Gregorianae 650 4$aChiesa cattolica - Germania.$0(OLS)http://semarc/subject/9288 650 4$aDiritto canonico.$0(OLS)http://semarc/subject/207 830 0$aExcerpta ex Dissertatione ad lauream in Facultate iuris canonici Pontificiae Univeritatis Gregorianae.$0(OLS)http://semarc/title/32712 850 $aSeMil 852 $aSeMil$W1$xVenegono$y1$m2I I 337$j20290$B20290$CSeMilBibl$Z2$F20292 $81 996 $6245$aDas Testament des Geistlichen nach kirchlichem und deutschem Recht$9(OLS)http://semarc/title/83705 996 $6260$aRomae :$bOfficium Libri Catholici$9(OLS)http://semarc/publisher/29816 LEADER 01366nam a2200313 i 4500 001 000000115308 003 CaOOAMICUS 005 20220504121325.0 008 091202s2001 it u000 u ita u 013 $a87997 020 $a88-7284-969-1 040 $aSeMil$bita 100 1 $aAgostino, Giuseppe,$d<1928-2014>.$0(OLS)http://semarc/name/4590 245 10$a1.2: Lettere pastorali (1987-1998) /$cdi Giuseppe Agostino. 264 3$aSoveria Mannelli :$bRubbettino,$c2001. 300 $a474 p. ;$c22 cm 500 $aIn custodia 541 $aFondo card. Carlo Maria Martini (2F II 20/2) 650 4$aAgostino, Giuseppe - Lettere pastorali.$0(OLS)http://semarc/subject/36915 773 0 $aAgostino, Giuseppe <1928-2014>$tDilatentur spatia caritatis.$dSoveria Mannelli : Rubbettino$g1.2$w()9309 850 $aSeMil 852 $aSeMil$W1$xVenegono$y1$m2F II 20/2$j70836$B70836$CSeMilBibl$Z2$F78168 $81 852 $aSeMil$W1$xVenegono$y1$m2F VII 29$j232970$B241234$CSeMilBibl$Z2$F241234 $81 941 1 $a4 961 $aFondo Card. Carlo Maria Martini 996 $6020$a88-7284-969-1$9(OLS)http://semarc/number/876 996 $6245$a1.2: Lettere pastorali (1987-1998)$9(OLS)http://semarc/title/168849 996 $6264$aSoveria Mannelli :$bRubbettino$9(OLS)http://semarc/publisher/32145